Περί δημοτικής εν Ελλάδι γλώσσης : διατριβή
Αποθηκεύτηκε σε:
| Κύριος συγγραφέας: | |
|---|---|
| Μορφή: | Βιβλίο |
| Γλώσσα: | Greek |
| Δημοσίευση: |
Αθήναις :
Καραβίας,
|
| Σειρά: | Βιβλιοθήκη ιστορικών μελετών ;
; 102 |
| Θέματα: | |
| Ετικέτες: |
Προσθήκη ετικέτας
Δεν υπάρχουν, Καταχωρήστε ετικέτα πρώτοι!
|
MARC
| LEADER | 00000nam a2200000 i 4500 | ||
|---|---|---|---|
| 001 | 1/8425 | ||
| 008 | 961110s1859 gre d | ||
| 035 | |l 10017090 | ||
| 040 | |a GR-MY-UA |b gre |e aacr | ||
| 041 | 0 | |a gre | |
| 082 | 0 | |a 489.3 | |
| 100 | 1 | |a Χιώτος, Παναγιώτης. | |
| 245 | 1 | 0 | |a Περί δημοτικής εν Ελλάδι γλώσσης : |b διατριβή / |c Π. Χιώτου |
| 260 | |a Αθήναις : |b Καραβίας, | ||
| 300 | |a 259 σ. | ||
| 490 | 1 | |a Βιβλιοθήκη ιστορικών μελετών |v ; 102 | |
| 500 | |a Εν Ζάκυνθω, τυπογραφείον η "Αυγή", 1859 | ||
| 650 | 0 | 0 | |a Greek language, Modern. |
| 830 | 0 | |a Βιβλιοθήκη ιστορικών μελετών ; |v ; 102 | |
| 852 | |a INST |b LESVOS |e 19961110 |h 489.3 ΧΙΩ |p 005100012669 |q 005100012669 |t BK |y 0 | ||
| 909 | |a Λ |b 048705 | ||
| 922 | |a 1ΔΩΡ |b 199610 |c ΤΚΑ | ||
| 950 | |a 140/1996-02-06 | ||